5HLuxD.jpg

KING HENRY VIII SENIOR AND PRIMARY SCHOOL LIBRARY OPAC

MY FIRST 1000 WORDS (Record no. 5902)

000 -LEADER
fixed length control field 00534nam a22001817a 4500
005 - DATE AND TIME OF LATEST TRANSACTION
control field 20251127101840.0
008 - FIXED-LENGTH DATA ELEMENTS--GENERAL INFORMATION
fixed length control field 251127b ||||| |||| 00| 0 eng d
020 ## - INTERNATIONAL STANDARD BOOK NUMBER
International Standard Book Number 9781743522998
040 ## - CATALOGING SOURCE
Transcribing agency KH8
082 ## - DEWEY DECIMAL CLASSIFICATION NUMBER
Classification number 400 HIN
100 ## - MAIN ENTRY--PERSONAL NAME
Relator term -1
245 ## - TITLE STATEMENT
Title MY FIRST 1000 WORDS
260 ## - PUBLICATION, DISTRIBUTION, ETC.
Place of publication, distribution, etc. 45-55 Fairchild Street,Heatherton Victoria 3202,Australia
Name of publisher, distributor, etc. © Hinkler Books Pty Ltd
Date of publication, distribution, etc. 2013
300 ## - PHYSICAL DESCRIPTION
Extent 95 Pages
Other physical details colour illustration
Dimensions 18 cm x 23 cm
650 ## - SUBJECT ADDED ENTRY--TOPICAL TERM
Source of heading or term Vocabulary
Topical term or geographic name entry element Juvenile Literature
655 ## - INDEX TERM--GENRE/FORM
Genre/form data or focus term Non Fiction
942 ## - ADDED ENTRY ELEMENTS (KOHA)
Source of classification or shelving scheme
Koha item type Books - Non Ficton
Holdings
Withdrawn status Lost status Source of classification or shelving scheme Damaged status Not for loan Collection code Permanent Location Current Location Shelving location Date acquired Cost, normal purchase price Total Checkouts Full call number Barcode Date last seen Date last checked out Cost, replacement price Price effective from Koha item type Public note
          Non-Fiction KH8 Primary School Library KH8 Primary School Library Non Fiction 2025-11-27 28.00 3 400 HIN KHPL000008135 2026-03-18 2026-02-10 38.00 2025-11-27 Books - Non Ficton PRIMARY LIBRARY

Powered By KH8 IT Dept